Mô hình kiểm soát ô nhiễm không khí

Trình bày về: Những vấn đề chung về ô nhiễm không khí, tác động, hiện trạng và giải pháp, mô hình kiểm soát ô nhiễm không khí và ứng dụng công cụ mô hình.; TM tài liệu tham khảo tr.234-236

Na minha lista:
Detalhes bibliográficos
Autor principal: Đinh, Văn Châu
Outros Autores: Phạm, Văn Quân
Formato: Livro
Idioma:Undetermined
Publicado em: H. Xây dựng 2017
Assuntos:
Acesso em linha:http://lrc.tdmu.edu.vn/opac/search/detail.asp?aID=2&ID=32015
Tags: Adicionar Tag
Sem tags, seja o primeiro a adicionar uma tag!
Thư viện lưu trữ: Trung tâm Học liệu Trường Đại học Thủ Dầu Một
LEADER 01053nam a2200217Ia 4500
001 TDMU_32015
008 210410s9999 xx 000 0 und d
082 |a 306.766 
090 |b Đ312 
100 |a Đinh, Văn Châu 
245 0 |a Mô hình kiểm soát ô nhiễm không khí 
245 0 |c Đinh Văn Châu, Phạm Văn Quân 
260 |a H. 
260 |b Xây dựng 
260 |c 2017 
300 |a 240tr. 
520 |a Trình bày về: Những vấn đề chung về ô nhiễm không khí, tác động, hiện trạng và giải pháp, mô hình kiểm soát ô nhiễm không khí và ứng dụng công cụ mô hình.; TM tài liệu tham khảo tr.234-236 
650 |a Môi trường  |x Ô nhiễm không khí  |x Kiểm soát; Ô nhiễm không khí  |x Mô hình kiểm soát 
700 |a Phạm, Văn Quân 
856 |u http://lrc.tdmu.edu.vn/opac/search/detail.asp?aID=2&ID=32015 
980 |a Trung tâm Học liệu Trường Đại học Thủ Dầu Một